00623cam a22001932 4500001001100000005001700011008004100028020002800069040001500097050002200112100003200134245006800166250001200234260004500246300002600291504005100317650002800368700003300396000000251920151021151058.0070412s xx 000 0 eng d a0273658492 :cKES 4,440 aKABUcKABU 0aHF5635b.L49 20041 aLewis, Richard.@000002109810aAdvanced financial accounting /cRichard Lewis, David Pendrill. a7th ed. aHarlow, England :bPrentice Hall,c2004. axiv, 720 p. ;c25 cm. aIncludes bibliographical references and index. 0aAccounting.@00001483211 aPendrill, David.@0000151897